000
00290nam a22001337a 4500
008
180806b xxu||||| |||| 00| 0 eng d
082
_a
813.52
245
_a
Network Simulator
_c
Pearson
260
_c
2012
300
_a
1
_f
CD
440
_x
978587204449
760
_b
2nd
942
_2
ddc
_c
MX
999
_c
46829
_d
46829